इसे छोड़कर सामग्री पर बढ़ने के लिए
VuFind
भाषा
English
Deutsch
Español
Français
Italiano
日本語
Nederlands
Português
Português (Brasil)
中文(简体)
中文(繁體)
Türkçe
עברית
Gaeilge
Cymraeg
Ελληνικά
Català
Euskara
Русский
Čeština
Suomi
Svenska
polski
Dansk
slovenščina
اللغة العربية
বাংলা
Galego
Tiếng Việt
Hrvatski
हिंदी
सभी फ़ील्ड्स
शीर्षक
लेखक
विषय
बोधानक
आईएसबीएन / आईएसएसएन
टैग
खोज
उन्नत
फ़िल्टर रीसेट करें
प्रस्तावित विषय ::
PHP and MySQL
फ़िल्टर रीसेट करें
फिल्टर दिखाएं (1)
प्रस्तावित विषय ::
PHP and MySQL
खोज
Harvard Law Review
इसे उद्धृत करें
इसे ईमेल करें
प्रिंट
निर्यात रिकॉर्ड
को निर्यात RefWorks
को निर्यात EndNoteWeb
को निर्यात EndNote
permanent_link
लोड हो रहा है...
Harvard Law Review
ग्रंथसूची विवरण
भाषा:
English
होल्डिंग्स
विवरण
समान संसाधन
स्टाफ के लिए
LEADER
00193nam a22000857a 4500
008
130215t xxu||||| |||| 00| 0 eng d
245
|a
Harvard Law Review
300
|a
-
942
|2
udc
|c
CR
|s
1
|6
_
999
|c
140564
|d
140564
समान संसाधन
Harvard law review
Harvard Law Review
प्रकाशित: (1887)
Harvard Educational Review /
प्रकाशित: (1972)
Harvard business review
Harvard business review
लोड हो रहा है...